000 00684nam a2200217 a 4500
001 000021091
005 20260202095302.0
008 100830s1973 sp r 000 u spa d
040 _aDO-SdBNP
_bspa
_cBNPHU
082 _a291.44
_bE27d
100 1 _aEffendi, Shoghi
_944104
240 1 4 _aThe promised day is come.
_lEspañol
245 1 3 _aEl día prometido ha llegado /
_cShoghi Effendi.
260 _aBuenos Aires, (Argentina) :
_bEditorial Bahá'í,
_c1973.
300 _a190 p. ;
_c18 cm.
534 _aTítulo original :
_tThe promised day is come
650 0 _aVida espiritual
_9268
650 0 _aEspiritualidad
_9613
650 4 _aFormación espiritual
_96471
049 _aBNGR
999 _c20593
_d20593